000 00746nam a2200229 4500
008 201207b ||||| |||| 00| 0 eng d
040 _bger
_cDE-2950
_erda
_aDE-2950
041 _ager
100 _aWinter, Carmen:
245 _aDas Oderland literarisch /
_cCarmen Winter
264 _c2023
490 _aDie Mark Brandenburg
_vHeft 129: das Oderland. 2023
653 _aBrandenburg <Land>
653 _aTourismus
653 _aWinter, Carmen; Germanistin, Journalistin, 1963-
655 _yGeschichte
773 _dBerlin: Die Mark Brandenburg - Verlag für Regional- und Zeitgeschichte
_g(2023) Heft 129, S. 40-43 : Abb.
_tDie Mark Brandenburg
942 _cA
999 _c372580
_d372580